000 00711nam a2200253Ia 4500
003 OSt
005 20220928125034.0
006 a|||||r|||| 00| 0
007 ta
008 220927b |||||||| |||| 00| 0 eng d
020 _c446.25
024 _a124470
037 _b3291, 26/09/2014, R.K. Book Universal
_cTextual
040 _aSDCL
_cSDCL
_beng
041 _2eng
_aeng
082 _aD65,44, P9
100 _aDalal Upena
_9467723
245 0 _aWireless communication
260 _aUK
_bOxford University Press
_c2009
300 _axvi;772p.
_ccm.
650 _aI I C
942 _hD65,44, P9
_cTEXL
_2CC
999 _c780588
_d780588